00645nam a22001937a 4500003000900000005001700009008004100026040002500067082001000092110004000102245005400142260006000196300002600256590002800282910000800310942001400318952010200332999001700434DO-SdBNP20220119070245.0220119b1998 ||||| |||| 00| 0 spa d aDO-SdBNPbspacBNPHU aF-xxx aDirección General Forestal980969 aSin bosques no hay ríos, sin ríos no hay vida a[Santo Domingo ] :bDirección General Forestal,c1983 a12 p. :bil. ;c23 cm aInventariado, 2022 / DG aD/G 2ddccLBS1 00102ddc51708MOaBNPHUbPDcCTd2014-12-10l0oF-xxxp2022-0144r2022-01-19w2022-01-19yLBS1 c51189d51189